Les 20 villes les plus peuplées de France métropolitaine - Statistiques

Statistiques générales
  • Ce quiz a été pris 397 fois
  • Le résultat moyen est 16 sur 20
Statistiques - réponses
Hint Nb d'habitants Réponse % Correct
1 2 167 994 hab Paris
100%
3 515 695 hab Lyon
99%
2 859 368 hab Marseille
99%
9 255 675 hab Bordeaux
96%
4 486 828 hab Toulouse
96%
10 232 440 hab Lille
95%
6 312 190 hab Nantes
95%
5 342 637 hab Nice
95%
8 280 966 hab Strasbourg
94%
11 255 675 hab Rennes
92%
7 287 760 hab Montpellier
88%
16 159 410 hab Grenoble
71%
12 183 113 hab Reims
69%
15 169 634 hab Toulon
69%
14 170 761 hab Saint-Etienne
67%
17 155 871 hab Dijon
64%
13 172 128 hab Le Havre
63%
18 152 960 hab Angers
62%
19 151 001 hab Nimes
51%
20 150 000 hab Villeurbanne
36%
Aucun quiz correspondant
Distribution des résultats
% des personnes avec chaque résultat
Percentile par nombre de réponses
Votre historique - résultats
Vous n’avez pas pris ce quiz